00397nam a2200121 a 45000010005000000030005000050050017000100080041000270400020000682450103000882600073001913000011002645756CDMR20131014171447.0130130s ||||||||||||||||||||||||||||d aCDMRbcatcCDMR 4aUna experiencia corporativa en la prensa del centro de EspañacMariano González-Rothvoss y Gil aMadridbComité Paritario Interlocal de la Prensa de MAdridc[s.d.] a110 p.